Corporate Governance /
Everyone from investors to employees to executives is asking what corporations can do to begin effectively governing themselves.
Gardado en:
| Autor Principal: | |
|---|---|
| Outros autores: | , , |
| Formato: | Libro |
| Idioma: | Vietnamese |
| Publicado: |
American :
McGraw-Hill ,
2003
|
| Những chủ đề: | |
| Các nhãn: |
Engadir etiqueta
Sen Etiquetas, Sexa o primeiro en etiquetar este rexistro!
|
| Thư viện lưu trữ: | Thư viện Trường CĐ Kỹ Thuật Cao Thắng |
|---|
| LEADER | 01315nam a2200265 a 4500 | ||
|---|---|---|---|
| 001 | TVCDKTCT6502 | ||
| 003 | Thư viện trường Cao đẳng Kỹ thuật Cao Thắng | ||
| 005 | 20070402000000 | ||
| 008 | 070402 | ||
| 980 | \ | \ | |a Thư viện Trường CĐ Kỹ Thuật Cao Thắng |
| 024 | |a RG_1 #1 eb0 i1 | ||
| 020 | # | # | |a 0071429999 |
| 041 | 0 | # | |a vie |
| 082 | # | # | |a 658.4 / |b C400R-j L |
| 100 | 1 | # | |a Colley L John |
| 245 | 0 | 0 | |a Corporate Governance / |c Colley L John, ...[et al.] |
| 260 | # | # | |a American : |b McGraw-Hill , |c 2003 |
| 300 | # | # | |a 259tr. ; |c 24cm |
| 520 | # | # | |a Everyone from investors to employees to executives is asking what corporations can do to begin effectively governing themselves. |
| 520 | # | # | |a Corporate Governance explores how directors must deal with internal events from strategy formulation to executive compensation, and external events from hostile takeover attempts to shareholder activism. |
| 520 | # | # | |a Based on a course of the same name at the Darden School of Business, it provides a complete action plan for understanding the nuances of successful governance, and improving the performance of boards of directors. |
| 650 | # | 4 | |a Nhiệm vụ của tổ chức đòan thể |
| 700 | 0 | # | |a Doyle L Jacqueline |
| 700 | 0 | # | |a Logan W. George |
| 700 | 0 | # | |a Stettinnius Wallage |


